<?xml version="1.0" encoding="UTF-8"?><?xml-stylesheet type="text/xsl" href="static/style.xsl"?><OAI-PMH xmlns="http://www.openarchives.org/OAI/2.0/" xmlns:xsi="http://www.w3.org/2001/XMLSchema-instance" xsi:schemaLocation="http://www.openarchives.org/OAI/2.0/ http://www.openarchives.org/OAI/2.0/OAI-PMH.xsd"><responseDate>2026-04-14T03:42:11Z</responseDate><request verb="GetRecord" identifier="oai:www.recercat.cat:2117/329631" metadataPrefix="marc">https://recercat.cat/oai/request</request><GetRecord><record><header><identifier>oai:recercat.cat:2117/329631</identifier><datestamp>2025-07-23T00:51:31Z</datestamp><setSpec>com_2072_1033</setSpec><setSpec>col_2072_452951</setSpec></header><metadata><record xmlns="http://www.loc.gov/MARC21/slim" xmlns:dcterms="http://purl.org/dc/terms/" xmlns:xsi="http://www.w3.org/2001/XMLSchema-instance" xmlns:doc="http://www.lyncode.com/xoai" xsi:schemaLocation="http://www.loc.gov/MARC21/slim http://www.loc.gov/standards/marcxml/schema/MARC21slim.xsd">
   <leader>00925njm 22002777a 4500</leader>
   <datafield ind2=" " ind1=" " tag="042">
      <subfield code="a">dc</subfield>
   </datafield>
   <datafield ind2=" " ind1=" " tag="720">
      <subfield code="a">Martínez Calvo, Xènia</subfield>
      <subfield code="e">author</subfield>
   </datafield>
   <datafield ind2=" " ind1=" " tag="260">
      <subfield code="c">2018-06-27</subfield>
   </datafield>
   <datafield ind2=" " ind1=" " tag="520">
      <subfield code="a">La Tomografía de Coherencia Óptica (OCT) es una técnica de diagnóstico que nos permite observar y controlar cortes histológicos de una estructura en vivo. En la evolución de este instrumento, surgió una prueba complementaria la Angiografía-OCT que nos permite analizar diferentes partes de la retina y la relación que tienen con el vítreo y la coroides sin el uso de contrastes por vía intravenosa para poder ver la circulación coroidea. Al ser una técnica no invasiva y que no es necesaria la instilación de midriáticos para su uso se ha convertido en una prueba clave en la detección de patologías sobre todo en el segmento posterior del ojo en las clínicas oftalmológicas tanto privadas como públicas. En este trabajo nos centraremos en el uso de este instrumento en la Coroidopatía Serosa, que se trata de una alteración focal del epitelio pigmentario de la retina donde se origina un escape de fluido desde la coroides hacia el espacio subretiniano, lo que provoca un desprendimiento de la retina neurosensorial y, habitualmente afecta a la región macular; y de su clínico en cinco pacientes que estaban / están afectados por esta condición</subfield>
   </datafield>
   <datafield tag="653" ind2=" " ind1=" ">
      <subfield code="a">Àrees temàtiques de la UPC::Ciències de la visió::Instruments òptics i optomètrics</subfield>
   </datafield>
   <datafield tag="653" ind2=" " ind1=" ">
      <subfield code="a">Àrees temàtiques de la UPC::Ciències de la salut::Medicina::Oftalmologia</subfield>
   </datafield>
   <datafield tag="653" ind2=" " ind1=" ">
      <subfield code="a">Optical coherence tomography</subfield>
   </datafield>
   <datafield tag="653" ind2=" " ind1=" ">
      <subfield code="a">Optical tomography</subfield>
   </datafield>
   <datafield tag="653" ind2=" " ind1=" ">
      <subfield code="a">Reina -- Diseases</subfield>
   </datafield>
   <datafield tag="653" ind2=" " ind1=" ">
      <subfield code="a">Tomografia</subfield>
   </datafield>
   <datafield tag="653" ind2=" " ind1=" ">
      <subfield code="a">Retina -- Malalties</subfield>
   </datafield>
   <datafield ind2="0" ind1="0" tag="245">
      <subfield code="a">Uso de la OCT en la valoración del segmento posterior del ojo. Coroidopatía serosa</subfield>
   </datafield>
</record></metadata></record></GetRecord></OAI-PMH>